000 00286nam a22001337a 4500
008 170707b xxu||||| |||| 00| 0 eng d
020 _a9780205175154
041 _aeng
080 _22ND
_a82
100 _a22
101 _aGJL
245 _aLITERATURE
_cBIRKERTS,S.P
942 _2udc
_cBK
999 _c20035
_d20035